Xác chết ngoài biển khơi : Tiểu thuyết

Na minha lista:
Detalhes bibliográficos
Autor principal: Clarks, Mary Higgins
Formato: Livro
Idioma:Undetermined
Publicado em: Hà Nội Văn học 2004
Assuntos:
Tags: Adicionar Tag
Sem tags, seja o primeiro a adicionar uma tag!
Thư viện lưu trữ: Trung tâm Học liệu Trường Đại học Cần Thơ
LEADER 00529nam a2200193Ia 4500
001 CTU_96830
008 210402s9999 xx 000 0 und d
082 |a 840 
082 |b C613 
100 |a Clarks, Mary Higgins 
245 0 |a Xác chết ngoài biển khơi : 
245 0 |b Tiểu thuyết 
245 0 |c Mary Higgins Clarks 
260 |a Hà Nội 
260 |b Văn học 
260 |c 2004 
650 |a French literature 
904 |i Tuyến 
980 |a Trung tâm Học liệu Trường Đại học Cần Thơ